Statistics for Race-to-Nine Word Puzzle #5

Click here to take the quiz!

General Stats

  • This quiz has been taken 5,199 times
  • The average score is 4 of 7

Answer Stats

#Answer% Correct
3Sac
100%
4Arcs, Cars, Scar
99%
5Chars, Crash
98%
6Arches, Chares, Chaser, Eschar, Search
83%
7Cahiers, Cashier
29%
8Aspheric, Parchesi, Seraphic
6%
9Spherical
6%

Score Distribution

Percentile by Number Answered

Percent of People with Each Score

Your Score History

You have not taken this quiz